|
|
|
|
| LEADER |
00000nab a22000001a 4500 |
| 001 |
vtls010315450 |
| 003 |
SK-MaSNL |
| 005 |
20260303191247.0 |
| 008 |
180406d193112 xo |r|p|||| |000 b|slo |
| 015 |
|
|
|a SNBRRBVU1918-1938
|
| 038 |
|
|
|a SNKBUCL
|
| 040 |
|
|
|a SNKBUVU
|b slo
|c SNKBUCL
|e AACR2
|
| 041 |
0 |
|
|a slo
|
| 044 |
|
|
|a xo
|c SK
|
| 080 |
|
|
|a 725.94
|2 1997
|
| 245 |
0 |
0 |
|a Pomník padlým vo svetovej vojne na Dujave pri poľskej hranici
|c [autor] foto Kopp
|
| 650 |
0 |
7 |
|a pomníky padlým
|2 MM
|9 1099136
|
| 650 |
0 |
7 |
|a prvá svetová vojna (1914-1918)
|2 MM
|9 162650
|
| 651 |
|
7 |
|a Dujava (Poľsko a Slovensko : sedlo)
|2 snkbucl
|9 39306
|
| 655 |
|
7 |
|a fotografie
|2 MM
|9 70713
|
| 655 |
|
7 |
|a reprodukcie výtvarných diel
|2 MM
|9 310790
|
| 773 |
0 |
|
|t Ozvena
|g Roč. 1, č. 10-12 (1931), s. 206
|
| 852 |
|
|
|a SNK
|b KIS3GCP
|
| 958 |
|
|
|a VY
|
| 999 |
|
|
|c 2140362
|d 2142292
|